000 00423cam a22001814a 4500
005 20250605164115.0
008 250528s ||||||||||||||||||||||||d
035 _a18041
020 _a978205189922
040 _aGR-AtMCL
_bgre
_dGR-AtMCL
_eAACR2
245 1 _aHUMAN MEMORY
250 _a1
260 _bAllyn And Bacon,
_c1999
700 1 _aHaberlandt Karl
_94333
942 _cBK
999 _c3433
_d3433